Allgemeine Staatslehre

Shranjeno v:
Bibliografske podrobnosti
Glavni avtor: Krüger, Herbert (Author)
Format: Knjiga
Jezik:nemščina
Izdano: Stuttgart W. Kohlhammer 1966
Izdaja:2a. ed
Teme:
Oznake: Označite
Brez oznak, prvi označite!

MARC

LEADER 00000nam a2200000 a 4500
001 UCV3006
003 CL-VaPUC
008 930304e19660000GW |||||||||||||||||ger|d
082 0 4 |a 321  |b KRU  |2 21 
100 0 |a Krüger, Herbert  |e author  |9 297285 
245 1 0 |a Allgemeine Staatslehre 
250 |a 2a. ed 
300 |a 1028 p 
942 |c BK 
945 |d 19930304 00:00:00 
260 |a Stuttgart  |b W. Kohlhammer  |c 1966 
650 7 |a ESTADO NACIONAL  |2 CL-VaPUC  |9 257346 
650 7 |a DIVISIONES ADMINISTRATIVAS Y POLITICAS  |2 CL-VaPUC  |9 297286 
583 |a last modification  |c 19930304 00:00:00  |k Rodrigo Vera 
999 |c 210405  |d 210403 
952 |0 0  |1 0  |4 0  |6 321_000000000000000_KRU_1966  |7 0  |8 A  |9 186594  |a BIBDER  |b BIBDER  |d 2019-11-14  |i 2541505  |o 321 KRU 1966  |p 2541505  |r 2023-01-25  |w 2019-11-14  |y BK  |k DER